| Tag |
First Indicator |
Second Indicator |
Subfields |
| LEADER |
00000cam a2200000 i 4500 |
| 001 |
in00005530521 |
| 008 |
240730s2024 enk b 001 0 eng |
| 005 |
20250318223103.9 |
| 010 |
|
|
|a 2024031296
|
| 020 |
|
|
|a 9781803746401
|
| 020 |
|
|
|a 1803746408
|q paperback
|
| 020 |
|
|
|z 9781803746418
|q electronic book
|
| 020 |
|
|
|z 9781803746425
|q electronic book
|
| 035 |
|
|
|a (OCoLC)on1451803913
|
| 035 |
|
|
|a (OCoLC)1451803913
|
| 040 |
|
|
|a DLC
|b eng
|e rda
|c DLC
|d OCLCO
|d YDX
|d IG#
|d DVP
|d YDX
|
| 042 |
|
|
|a pcc
|
| 043 |
|
|
|a a-ii---
|
| 050 |
0 |
0 |
|a DS480.45
|b .C433 2024
|
| 082 |
0 |
0 |
|a 320.54095409
|2 23/eng/20240809
|
| 100 |
1 |
|
|a Chakrabarty, Bidyut,
|d 1958-
|e author.
|1 https://id.oclc.org/worldcat/entity/E39PBJyWYwxw873KRM79Wcrcyd
|
| 245 |
1 |
0 |
|a Nationalizing India :
|b a creative blending of derivative and indigenous traditions /
|c Bidyut Chakrabarty.
|
| 264 |
|
1 |
|a Oxford ;
|a New York :
|b Peter Lang Publishing,
|c [2024]
|
| 300 |
|
|
|a xi, 412 pages ;
|c 23 cm
|
| 336 |
|
|
|a text
|b txt
|2 rdacontent
|
| 337 |
|
|
|a unmediated
|b n
|2 rdamedia
|
| 338 |
|
|
|a volume
|b nc
|2 rdacarrier
|
| 504 |
|
|
|a Includes bibliographical references and index.
|
| 520 |
|
|
|a "Dwelling on how nationalization was conceptualized by major Indian nationalist thinkers, this book breaks a new ground in contemporary studies on nationalism. In contrast with the Western notion of nationalism, this book provides an appropriate model of nationalizing India with reference to the creative writings of Rabindranath Tagore, Aurobindo Ghose, Sarala Devi Chaudhurani and Nazrul Islam. This book is a powerful intervention in the available scholarship which shows that nationalization needs to be comprehended differently in the context of India since underlying a collective India is a civilizational bond unique to Afro-Asian countries"--
|c Provided by publisher.
|
| 600 |
1 |
0 |
|a Tagore, Rabindranath,
|d 1861-1941.
|
| 600 |
1 |
0 |
|a Ghose, Aurobindo,
|d 1872-1950.
|
| 600 |
1 |
0 |
|a Chaudhurani, Sarala Devi,
|d 1872-1945.
|
| 600 |
0 |
0 |
|a Nazrul Islam,
|c Kazi,
|d 1899-1976.
|
| 650 |
|
0 |
|a Nationalism
|z India
|x Philosophy.
|
| 650 |
|
0 |
|a Nationalism
|z India
|x History.
|
| 650 |
|
0 |
|a Nationalism in literature.
|
| 651 |
|
0 |
|a India
|x Intellectual life
|y 20th century.
|
| 650 |
|
6 |
|a Nationalisme dans la littérature.
|0 (CaQQLa)201-0220376
|
| 776 |
0 |
8 |
|i Online version:
|a Chakrabarty, Bidyut, 1958-
|t Nationalizing India
|d Oxford ; New York : Peter Lang Publishing, 2024
|z 9781803746418
|w (DLC) 2024031297
|
| 852 |
8 |
|
|b pda,print
|z This title is available for the library to purchase for your use. Click the "Purchase It For Me" button to place a request. This item may take 5-10 business days to arrive.
|
| 955 |
|
|
|a Print PDA title
|
| 961 |
|
|
|m 565730
|
| 999 |
f |
f |
|s ca40baac-3e81-4a78-ba7f-4be7be24db77
|i 3d87c0e7-3817-4ec7-b653-f000a873734c
|t 0
|
| 952 |
f |
f |
|a Texas A&M University
|b College Station
|c Sterling C. Evans Library
|d Purchase on Demand
|t 0
|e DS480.45 .C433 2024
|h Library of Congress classification
|
| 998 |
f |
f |
|a DS480.45 .C433 2024
|t 0
|l Purchase on Demand
|